Cómo usar Xtree, MS-DOS, Windows y Hard Disk / (Record no. 9844)

MARC details
000 -CABECERA
campo de control de longitud fija 00623nam a2200205 a 4500
005 - FECHA Y HORA DE LA ÚLTIMA TRANSACCIÓN
campo de control 20210223120951.0
008 - ELEMENTOS DE LONGITUD FIJA--INFORMACIÓN GENERAL
campo de control de longitud fija 991125s1994 mx 000 0 spa u
020 ## - NÚMERO INTERNACIONAL NORMALIZADO PARA LIBROS
Número Internacional Estándar del Libro 9681848365
035 ## - NÚMERO DE CONTROL DEL SISTEMA
Número de control de sistema UPN01000009844
049 ## - COLECCIÓN
Colección CG
050 #4 - SIGNATURA TOPOGRÁFICA DE LA BIBLIOTECA DEL CONGRESO
Número de clasificación QA76.9 H35
Número de documento/Ítem S7.2
100 1# - ASIENTO PRINCIPAL--NOMBRE PERSONAL
Nombre de persona Stick, Beth
245 10 - MENCIÓN DE TÍTULO
Título Cómo usar Xtree, MS-DOS, Windows y Hard Disk /
Mención de responsabilidad, etc. Beth Stick.
260 ## - PUBLICACIÓN, DISTRIBUCIÓN, ETC.
Lugar de publicación, distribución, etc. México :
Nombre del editor, distribuidor, etc. Megabyte ;
-- Noriega,
Fecha de publicación, distribución, etc. 1994.
300 ## - DESCRIPCIÓN FÍSICA
Extensión 497 p.
650 #4 - ASIENTO SECUNDARIO DE MATERIA - TERMINO TEMATICO
Término de materia o nombre geográfico como elemento de entrada MS-DOS (ARCHIVO PARA COMPUTADORA)
9 (RLIN) 10709
650 #4 - ASIENTO SECUNDARIO DE MATERIA - TERMINO TEMATICO
Término de materia o nombre geográfico como elemento de entrada WINDOWS (PROGRAMAS PARA COMPUTADORA)
9 (RLIN) 5928
650 #4 - ASIENTO SECUNDARIO DE MATERIA - TERMINO TEMATICO
Término de materia o nombre geográfico como elemento de entrada XTREE (PROGRAMA PARA COMPUTADORA)
9 (RLIN) 10710
905 ## - TIPO DE MATERIAL
Tipo de material Libro
Holdings
Estado de retiro Estado de pérdida Fuente del sistema de clasificación o colocación Estado dañado No para préstamo Código de colección Localización permanente Ubicación/localización actual Ubicación en estantería Total de préstamos Clasificación Código de barras Fecha visto por última vez Número de copia Tipo de ítem Koha
    Library of Congress Classification     Colección General Bib. Gregorio Torres Quintero Bib. Gregorio Torres Quintero Planta baja   QA76.9 H35 S7.2 142374 31/12/2020 1 Libro